Statistics for Jurassic Park Franchise

Click here to take the quiz!

General Stats

  • This quiz has been taken 15 times
    (11 since last reset)
  • The average score is 29 of 69

Answer Stats

Type Year Name Info % Correct
Novel1990Jurassic ParkMichael Crichton
100%
Theme Park Attraction2019-PresentJurassic World: The RideUniversal Studios Hollywood
100%
Video Game2015Jurassic World: The GameLudia
100%
Film2015Jurassic WorldUniversal
100%
Theme Park Attraction1996-PresentJurassic Park: The RideUniversal's Islands of Adventure / Universal Studios Japan / Universal Studios Hollywood
100%
Video Game2011Jurassic Park: The GameTelltale Games
100%
Film2001Jurassic Park IIIUniversal
89%
Film2018Jurassic World: Fallen KingdomUniversal
89%
Novel1995The Lost WorldMichael Crichton
78%
Film1997The Lost World: Jurassic ParkUniversal
78%
Film2021Jurassic World: DominionUniversal
56%
Video Game1995Jurassic Park 2: The Chaos ContinuesOcean Software
44%
Video Game2015Lego Jurassic WorldWarner Bros. Interactive / Feral Interactive
44%
Video Game2018Jurassic World EvolutionFrontier Developments
44%
Web Series2020Jurassic World: Camp CretaceousNetflix
33%
Video Game2012Jurassic Park BuilderLudia
22%
Video Mini-Series2016Lego Jurassic World: The Indominus EscapeLEGO
22%
Short Film2019Battle at Big RockUniversal
22%
Video Game2003Jurassic Park: Operation GenesisUniversal Interactive
22%
Video Game2001Jurassic Park III: Park BuilderKonami
22%
Video Game1994Jurassic Park: Rampage EditionSega
11%
Video Game2015Jurassic Park ArcadeRaw Thrills
11%
Novel2002Jurassic Park Adventures: FlyersScott Ciencin
11%
Video Game2018Jurassic World FactsMattel, Inc.
11%
Novel2001Jurassic Park Adventures: PreyScott Ciencin
11%
Novel2001Jurassic Park Adventures: SurvivorScott Ciencin
11%
Video Game2018Dinosaur StampedeDoritos
0%
TV Mini-Series2019Lego Jurassic World: Legend of Isla NublarFamily Channel / Nickelodeon
0%
Video Game1994Jurassic Park InteractiveUniversal Interactive
0%
TV Special2018Lego Jurassic World: The Secret ExhibitNBC
0%
Video Game1994Jurassic Park: Paint and Activity CenterHi Tech Entertainment
0%
Video Game2017VRSE Jurassic WorldSkyrocket, LLC
0%
Theme Park Attraction2016-PresentThe Flying DinosaurUniversal Studios Japan
0%
Video Game2015Jurassic World Online SlotMicrogaming
0%
Video Game2018Jurassic World AliveUniversal Interactive
0%
Video Game1999Warpath: Jurassic ParkEA / DreamWorks Interactive
0%
Video Game1996Jurassic Park - The Ride Online AdventureUniversal Interactive
0%
Video Game2014Jurassic Park Online SlotMicrogaming
0%
Video Game1998TresspasserEA
0%
Video Game1997Chaos Island: The Lost WorldDreamWorks Interactive
0%
Theme Park Attraction2010-PresentDino-Soarin'Universal Studios Singapore
0%
Theme Park Attraction2010-PresentCanopy FlyerUniversal Studios Singapore
0%
Theme Park Attraction2010-PresentJurassic Park Rapids AdventureUniversal Studios Singapore
0%
Video Game2003Jurassic Park Institute Tour: Dinosaur RescueRocket Company
0%
Video Game2002Jurassic Park: Dinosaur BattlesKnowledge Adventure
0%
Video Game2001Jurassic Park: SurvivalVivendi / Konami
0%
Video Game2001Jurassic Park III: The DNA FactorKonami
0%
Video Game2001Jurassic Park III: Island AttackKonami
0%
Video Game2001Scan Command: Jurassic ParkKnowledge Adventure
0%
Video Game2001Jurassic Park III: Danger Zone!Knowledge Adventure
0%
Video Game2001Jurassic Park III: Dino DefenderKnowledge Adventure
0%
Video Game2007Jurassic Park ExplorerBrighter Minds Media, Inc. / Universal Interactive
0%

Score Distribution

Percentile by Number Answered

Percent of People with Each Score

Your Score History

You have not taken this quiz since the last reset